000 00590nam a2200193Ia 4500
008 190412s9999 xx 000 0 und d
100 _aLudovic Philappou, Christian Rouch, & Marc Umber
245 _aPrivate Equity Portfolio Company Fees /
245 _cLudovic Philappou, Christian Rouch, & Marc Umber
260 _belsevier
260 _c2018
300 _apages 559-585, September 2018
440 _aJournal of Financial Economics
_v129 (3)
650 _aFINANCE
650 _aMonitoring Fees
650 _aPrivate Equity
650 _aTransaction Fees
942 _2lcc
_cSE
999 _c361384
_d361384